Представление документа в формате MARC21

Поле Инд. ПП Название Значение
Тип записи a
Библиографический уровень m
001 _ Контрольный номер RU/ЭБС IPR BOOKS/28038
005 Дата корректировки 20250915131219.6
008 Кодируемые данные 211122s2012 RU y f j 000 1 rus u
020 a ISBN 978-985-536-256-3
040 c Служба, преобразующая запись ЭБС IPR BOOKS
041 a Код языка текста rus
044 a Код страны публикации RU
080 a Индекс УДК 811.111
084 2 Источник индекса rubbk
a Индекс другой классификации/Индекс ББК 81.2Англ-923
245 a Заглавие Английский язык
b Продолж. заглавия учебное пособие
c Ответственность Н. И. Веренич, Т. И. Беззубенок, И. В. Евстратова [и др.]
250 g Весь срок охраны авторского права
a Основные сведения об издании Английский язык
256 a Характеристики компьютерного файла Электрон. дан. (1 файл)
260 a Место издания Минск
b Издательство ТетраСистемс
c Дата издания 2012
300 a Объем 304 с.
500 a Примечание Книга находится в премиум-версии ЭБС IPR BOOKS.
516 a Прим. о типе комп. файла/ данных Текст
520 a Аннотация Пособие составлено в соответствии с типовой программой РИВШ по иностранному языку для высших учебных заведений неязыковых специальностей. Материал состоит из двух частей: вводно-коррективного курса (уроки 1–10) и основного курса (уроки 11–23). Все уроки имеют однотипное строение: сначала приводятся фонетические и словообразовательные упражнения, затем следует грамматический комментарий и упражнения на закрепление материала, далее приводится список слов и выражений по разговорной теме, текст и послетекстовые упражнения. Имеется несколько приложений. Книга может быть использована в средних и высших сельскохозяйственных учебных заведениях, сети языковых курсов, для самостоятельного изучения английского языка.
521 a Примеч. о целев. назн. Весь срок охраны авторского права
538 a Прим. о системных особенностях электронный
653 a Ключевые слова английский язык
653 a Ключевые слова фонетическое упражнение
653 a Ключевые слова словообразовательное упражнение
653 a Ключевые слова послетекстовое упражнение
700 1_ a Другие авторы Веренич, Н. И.
4 Код отношения 070
700 1_ a Другие авторы Беззубенок, Т. И.
4 Код отношения 070
700 1_ a Другие авторы Евстратова, И. В.
4 Код отношения 070
700 1_ a Другие авторы Курачева, А. Г.
4 Код отношения 070
700 1_ a Другие авторы Кудинова, Е. В.
4 Код отношения 070
856 4_ u URL http://www.iprbookshop.ru/28038.html
z Примечание для пользователя Участвует в КО